00646nam a2200181Ia 4500008004100000020001800041041000800059082001900067100002300086245003500109260002200144300000900166365001600175700002300191906005200214999001900266952017900285230718s9999 xx 000 0 und d a9781259062957 aeng a621.319'2bSIN aSingh R.R.9170967 aNetwork Analysis And Synthesis c2017bMcGraw Hill a1200 cRs.b595.00 aSingh R.R.9170967 dO:0571203-Oct-2017B:464318-Sep-2017cSEb2832.2 c345539d345539 00104070aCCEPbCCEPd2017-10-03eVaibhav Book HousefSEg428.40i4643l1o621.319'2pCCEP-BK-56746r2026-03-13 13:13:00s2026-01-21t2832.2v595.00w2017-09-18yBKz056746